000
00346nam a2200157Ia 4500
008
210210b1953 xxu||||| |||| 00| 0 eng d
041
_a
eng
082
_a
823/372
100
_a
SHAKESPEARE (William)
245
_a
Richard II
260
_a
Madras
_b
-
_c
1953
650
_a
Richard
650
_a
II
690
_a
English Drama
906
_a
013916
999
_c
132987
_d
132987